Exercices systématiques de prononciation française

Uloženo v:
Podrobná bibliografie
Hlavní autor: León, Monique
Médium: Kniha
Jazyk:Undetermined
Vydáno: París, Francia Hachette 1964
Témata:
Tagy: Přidat tag
Žádné tagy, Buďte první, kdo vytvoří štítek k tomuto záznamu!

MARC

LEADER 00000nam a2200000Ia 4500
008 170316s9999 xx 000 0 und d
090 |a 415-F L-3e v.2 
100 |a León, Monique 
245 |a Exercices systématiques de prononciation française 
260 |a París, Francia 
260 |b Hachette 
260 |c 1964 
300 |a 55 páginas Vol. 2. 
650 |a GRAMÁTICA FRANCESA 
999 |c 19218  |d 19218 
040 |a cru BVZT 
942 |c 15 D  |h 415-F L-3e v.2  |2 z